| 000 | 00659nam a2200217 a 4500 | ||
|---|---|---|---|
| 005 | 20250625063836.0 | ||
| 008 | 991125s1986 mx 000 0 spa u | ||
| 020 | _a9684271255 | ||
| 035 | _aUPN01000006639 | ||
| 049 | _aCG | ||
| 050 | 4 |
_aHG5163 _bC36 1990 |
|
| 245 | 0 | 3 |
_aEl capital extranjero en México / _cAlonso Aguilar Monteverde ... [et al.]. |
| 250 | _a2a ed. | ||
| 260 |
_aMéxico : _bNuestro Tiempo, _c1986. |
||
| 300 | _a253 p. | ||
| 440 | 0 | _aDesarrollo | |
| 650 | 4 |
_aInversiones extranjeras _zMéxico _916644 |
|
| 651 | 4 |
_aMéxico _xCondiciones económicas _95661 |
|
| 700 | 1 |
_aAguilar Monteverde, Alonso, _d1922- _ecoaut. _928520 |
|
| 905 | _aLibro | ||
| 999 |
_c6639 _d6639 |
||